| 000 | 00000nam 2200000za 4500 |
| 001 | 9.822539 |
| 003 | CaOODSP |
| 005 | 20221107143712 |
| 007 | cr ||||||||||| |
| 008 | 160812s2006 quc o f000 0 fre d |
| 040 | |aCaOODSP|bfre |
| 043 | |an-cn--- |
| 086 | 1 |aCH6-52/2006F-PDF |
| 110 | 1 |aCanada. |bPatrimoine canadien. |
| 245 | 10|aVérification du Programme de la célébration, de la commération [sic] et de l'apprentissage |h[ressource électronique] : |brapport préliminaire / |cMinistère du Patrimoine canadien, Direction générale des examens ministériels. |
| 246 | 3 |aVérification du Programme de la célébration, de la commémoration et de l'apprentissage |
| 260 | |a[Gatineau, Qc] : |bPatrimoine canadien, |c2006. |
| 300 | |a31 p. : |bgraphique, tableaux. |
| 500 | |aPublié aussi en anglais sous le titre : Audit of the Celebration, Commemoration and Learning Program: preliminary report. |
| 500 | |a« Le 25 janvier 2006. » |
| 520 | |aLa vérification du Programme de la célébration, de la commémoration et de l'apprentissage a couvert l'exercice financier terminé le 31 mars 2004 et a visé les objectifs suivants: • Conformité à la politique du Conseil du Trésor sur les paiements de transfert, à la Loi sur la gestion des finances publiques, aux politiques ministérielles ainsi qu'aux modalités et conditions du programme et des ententes de subventions et contributions; • Évaluation des cadres de gestion et de contrôle du programme; • Efficacité et économie de la gestion du programme; • Analyse, évaluation et gestion des risques se rapportant au programme; • Identification des pratiques exemplaires ... |
| 692 | 07|2gccst|aVérification |
| 692 | 07|2gccst|aProgramme fédéral |
| 692 | 07|2gccst|aPatrimoine |
| 710 | 1 |aCanada.|bPatrimoine canadien.|bDirection générale des examens ministériels. |
| 775 | 08|tAudit of the Celebration, Commemoration and Learning Program |w(CaOODSP)9.822536 |
| 856 | 40|qPDF|s426 Ko|uhttps://publications.gc.ca/collections/collection_2016/pch/CH6-52-2006-fra.pdf |